000 01106cam a2200241 i 4500
001 19245609
005 20260416110322.0
008 160823s2018 maua b 001 0 eng
020 _a9781305967250
_qhbk. : student edition
020 _a1305967259
_qhbk. : student edition
050 0 0 _aKF889
_b.B87 2018
100 1 _aClarkson, Kenneth W.,
_eauthor.
245 1 0 _aBusiness law :
_btext and cases /
_cKenneth W. Clarkson, The University of Miami; Roger LeRoy Miller, Institute for University Studies, Arlington, Texas; Frank B. Cross, Herbert D. Kelleher, Centennial Professor in Business Law, University of Texas at Austin.
250 _aFourteenth edition.
260 _aAustralia
_bCengage learning
_cc2018
300 _axxvii, 999, 168, 31, 10, 42 pages :
_bcolor illustrations ;
_c26 cm
500 _aIncludes index.
650 0 _aCommercial law
_zUnited States
_vCases.
700 1 _aMiller, Roger LeRoy,
_eauthor.
700 1 _aCross, Frank B.,
_eauthor.
700 1 _aClarkson, Kenneth W.
_tBusiness law text and cases : legal, ethical, global, and e-commerce environments.
942 _2lcc
_cBK
_n0
999 _c9225
_d9225